|
|
|
|
| LEADER |
00000nam0a2200000 4500 |
| 001 |
19157 |
| 005 |
20231101205243.0 |
| 035 |
|
|
|a (RuTPU)RU\TPU\book\19317
|
| 035 |
|
|
|a BOOK00004005
|
| 090 |
|
|
|a 19157
|
| 100 |
|
|
|a 20011209d1986 km y0rusy50 ca
|
| 101 |
0 |
|
|a rus
|
| 102 |
|
|
|a UA
|
| 105 |
|
|
|a y z 000zy
|
| 200 |
1 |
|
|a Рационализм и иррационализм в современной буржуазной социальной философии
|f В. В. Лях
|
| 210 |
|
|
|a Киев
|c Наукова думка
|d 1986
|
| 215 |
|
|
|a 188 с.
|
| 606 |
1 |
|
|a Иррациональное
|2 stltpush
|3 (RuTPU)RU\TPU\subj\13142
|9 39798
|
| 606 |
1 |
|
|a Рациональное
|x Философские категории
|2 stltpush
|3 (RuTPU)RU\TPU\subj\53442
|9 71698
|
| 610 |
1 |
|
|a философия
|
| 610 |
1 |
|
|a социальная философия
|
| 610 |
1 |
|
|a 20 век
|
| 610 |
1 |
|
|a рациональное
|
| 610 |
1 |
|
|a иррациональное
|
| 686 |
|
|
|a Ю212.89
|v LBC/SL-A
|2 rubbk
|
| 686 |
|
|
|a Ю3(0)6-63/68
|v LBC/SL-A
|2 rubbk
|
| 700 |
|
1 |
|a Лях
|b В. В.
|g Виталий Васильевич
|
| 801 |
|
0 |
|a RU
|b 63413507
|c 20011209
|g PSBO
|
| 801 |
|
2 |
|a RU
|b 63413507
|c 20140519
|g PSBO
|
| 942 |
|
|
|c BK
|